| 000 | 004740000a22001570004500 | ||
|---|---|---|---|
| 003 | MACL | ||
| 005 | 20180210125026.0 | ||
| 008 | 180210b xxu||||| |||| 00| 0 eng d | ||
| 040 | _cMACL | ||
| 100 |
_aडॉं निर्मल रमेश _961233 |
||
| 245 | _aकालजयी उज्जियिनी भाग दो | ||
| 260 |
_bअनविती प्रकाशन _c2005 |
||
| 350 | _a2000 | ||
| 650 |
_aधर्म _970340 |
||
| 942 |
_cHIN _k200 _2ddc |
||
| 999 |
_c10926 _d10926 |
||